000 00305pam a2200121a 44500
008 230405s2005 xxu||||| |||| 00| 0 eng d
041 _aENG
100 _aTurner et al
245 _aInstant Notes molecular Biology
260 _a
_bTaylor and francis group llc 270
_c2005
300 _a370
906 _a9265
999 _c299764
_d299764